On Diseño / (Registro nro. 12134)
[ vista simple ]
| 000 -LEADER | |
|---|---|
| longitud fija campo de control | 01422aab a2200361 a 4500 |
| 003 - IDENTIFICADOR DE NUMERO DE CONTROL | |
| control del campo | AR-RoUNA |
| 008 - CAMPO DE CONTROL - LIBROS | |
| longitud fija campo de control | 140529||||||||||||||||| |||| 0|||| d |
| 040 ## - ORIGEN DE LA CATALOGACION | |
| Agencia que cataloga la obra original | AR-RoUNA |
| Idioma en que se cataloga | spa |
| 041 ## - CODIGO DE IDIOMA | |
| Codigo de idioma del texto / sonido o titulo separado | spa |
| -- | eng |
| 044 ## - CODIGO DE PAIS / ENTIDAD PRODUCTORA | |
| Codigo MARC del pais | ag |
| 080 ## - CDU | |
| Numero de clasificacion | 72.036 |
| 092 ## - SIGNATURA TOPOGRAFICA | |
| Libristica | ON58 |
| 245 13 - TITULO PROPIAMENTE DICHO | |
| Titulo | On Diseño / |
| Numero de la parte / seccion de una obra | Nº 135 |
| 260 ## - EDITORIAL - PUBLICACION, DISTRIBUCION, ETC. (Pie de imprenta) | |
| Lugar de publicacion, distribucion, etc | Barcelona : |
| Nombre del editor, distribuidor, etc | On Diseño, |
| Fecha de publicacion | 1996 |
| 300 ## - DESCRIPCION FISICA | |
| Extension | 249 p. : |
| Otros detalles fisicos | dib., |
| -- | fot. col., |
| -- | plantas, |
| Dimensiones | 29x24 cm |
| 505 0# - NOTA DE CONTENIDO CON FORMATO | |
| Título | COMUNICACIÓN GRÁFICA |
| 505 0# - NOTA DE CONTENIDO CON FORMATO | |
| Título principal | Programa de identidad institucional del Quinto Centenario del Descubrimiento Cruz Novillo & Asociados. p. 104 |
| 505 0# - NOTA DE CONTENIDO CON FORMATO | |
| Título | PREMIOS FAD DE ARQUITECTURA E INTERIORISMO (Y 2) |
| 505 0# - NOTA DE CONTENIDO CON FORMATO | |
| Título principal | Miralles Enric y Pinós Carme/ Parque cementerio de Igualdada.p. 110 |
| 505 0# - NOTA DE CONTENIDO CON FORMATO | |
| Título principal | F. Rius, J M. Gil. M Brullet y E. Bonell/ Centro penitenciario de Brians. p.122 |
| 505 0# - NOTA DE CONTENIDO CON FORMATO | |
| Título principal | Pujol Ramon y Garcia Julia / Colección Barbie de Alta costura. p 134 |
| 505 0# - NOTA DE CONTENIDO CON FORMATO | |
| Título principal | Rius Francesc/ Mateos Josep Lluis con Vicente Guallart / Vivienda unifamiliar en Bolvir. (Cerdanya). p. 138 |
| 650 ## - MATERIA - TERMINO TEMATICO | |
| Término tematico general | Arquitectura contemporanea |
| 9 (RLIN) | 12621 |
| 653 ## - MATERIA - PALABRAS CLAVES | |
| Palabras claves | Exposiciones |
| 653 ## - MATERIA - PALABRAS CLAVES | |
| Palabras claves | Premios |
| 700 1# - ENTRADA SECUNDARIA - NOMBRES PERSONALES | |
| Nombre personal | Llopis, Carme |
| Función | dir. |
| 9 (RLIN) | 12622 |
| 773 ## - ENTRADA DEL ITEM MAYOR | |
| Entrada principal | On Diseño |
| Lugar, editorial y fecha de la publicación | Barcelona, AramEdiciones S.A, 1996 |
| Vol. - nro. (mes-año), pág. | Nº135 ( 1998). p.250 |
| ISSN | 0210-2080 |
| 908 ## - SOPORTE | |
| Soporte | Imp |
| 930 ## - ACCESION | |
| N | 170 |
| Numero de accesion (NR) | 6916 |
| 942 ## - FUENTE DE CLASIFICACION | |
| Clasificacion | Universal Decimal Classification |
| Tipo de item | Analítica |
| 945 ## - INFORMACION DE PROCESAMIENTO | |
| Codigo del operador | MBP |
| Fecha de ingreso o modificacion | 2019-02-20 |
| 980 ## - EQUIVALENCE OR CROSS-REFERENCE-SERIES STATEMENT--PERSONAL NAME/TITLE [LOCAL, CANADA] | |
| Field link and sequence number | 6 |
| Miscellaneous information | Mirna Bonanno Potro |
| Linkage | 6 |
| Personal name | Mirna Bonanno Potro |
No hay ítems disponibles.